00393nam a2200133Ia 4500082001200000100002000012245007700032260002900109300002000138650003000158650003100188650002300219710001700242 aTD.0254 aDhirendra Kumar 0aJuridical study of the territorial sea : With special reference to India c1996bLucknow University a318p. + C D -15 aJURISDICTION, TERRITORIAL aTERRITORIAL WATERS - INDIA aTERRITORIAL WATERS aMathur, L.N.